| 000 | 02473cam a22005174i 4500 | ||
|---|---|---|---|
| 003 | PE-LiUPU | ||
| 005 | 20250731165603.0 | ||
| 008 | 150625s r 000 0 d | ||
| 020 | _a9788448156404 | ||
| 035 | _a(Sirsi) i9788448156404 | ||
| 040 |
_aPE-LiUPU _bspa _cPE-LiUPU _erda |
||
| 049 | _aPRUA | ||
| 082 | 0 | 4 |
_a001.6424 _bB472a _221 |
| 100 | 1 |
_aBennett, Simon, _eautor. |
|
| 245 | 1 | 0 |
_aAnálisis y diseño orientado a objetos de sistemas usando UML / _cSimon Bennett, Steve McRobb y Ray Farmer. |
| 250 | _aTercera edición. | ||
| 264 | 1 |
_aMadrid : _bMcGraw Hill-Interamericana de España, _c2007. |
|
| 300 |
_a620 páginas : _bilustraciones ; _c25 centímetros. |
||
| 336 |
_atext _2rdacontent |
||
| 337 |
_aunmediated _2rdamedia |
||
| 338 |
_avolume _2rdacarrier |
||
| 505 | 0 | _aQué son los sistemas de información?. -Problemas asociados al desarrollo de los sistemas de información. -Cómo evitar los problemas. -Qué es la orientación a objetos?. -Estudio del caso Agate Ltd. Introducción. -Estudio del caso FoodCo Ltd. Introducción. -Conceptos de modelado. -Captura de requisitos. -Estudio del caso Ágata Ltd. Análisis de requisitos. -Perfeccionamiento del modelo de requisitos. -Interacción de objetos. -Especificación de operaciones. -Especificación de controles. -Estudio del caso práctico Agate Ltd. análisis adicional. -Arquitectura del sistema. -Diseño de sistemas. -Diseño detallado. -Patrones de diseño. -Interacción hombre-máquina. -diseño de las clases frontera. -Diseño de la gestión de datos. -Estudio del caso Agate Ltd. Diseño. -Implementación. -Componentes reutilizables. | |
| 526 | _aSEG44 | ||
| 526 | _aSEG26 | ||
| 526 | _aP151 | ||
| 526 | _aP150 | ||
| 526 | _aP149 | ||
| 526 | _aP146 | ||
| 526 | _aP145 | ||
| 526 | _aP126 | ||
| 526 | _aP125 | ||
| 526 | _aP92 | ||
| 526 | _aP75 | ||
| 526 | _aP74 | ||
| 526 | _aP27 | ||
| 526 | _aP15 | ||
| 650 | 1 | 4 | _aIngeniería de programas y sistemas de programación. |
| 650 | 2 | 4 | _aUML (Informática). |
| 650 | 2 | 4 | _aProgramación orientada al objeto (Informática). |
| 700 | 1 |
_aFarmer, Ray, _ecaout. |
|
| 700 | 1 |
_aMcRobb, Steve, _ecaout. |
|
| 942 |
_2ddc _cBK |
||
| 949 |
_a001.6424 _wDEWEY _c1 _i58615 _lCCODEBUL1 _mBUL _p51.00 _r0 _sY _tBOOK _u2015-6-25 _xINGENIERIA _0COMPRA _o.STAFF. Colección General |
||
| 999 |
_c47497 _d47497 |
||
| 980 |
_81 _gALBERTO SANCHEZ Responsable de Automatización |
||